| 000 | 00749nam a2200229 a 4500 | ||
|---|---|---|---|
| 005 | 20240424063741.0 | ||
| 008 | 060905s2003 mx r 000 0 spa d | ||
| 020 | _a9586483320 | ||
| 035 | _aUPN01000146804 | ||
| 049 | _aCG | ||
| 050 | 4 |
_aHQ801 _bCH3.5 |
|
| 100 | 1 | _aCharry Collazos, Guillermo | |
| 245 | 1 | 3 |
_aEl matrimonio y la relación de pareja : _bun libro para leer y reflexionar / _cGuillermo Charry Collazos ; pról. de Lucía Náder M. |
| 260 |
_aBogotá : _bEcoe, _c2003. |
||
| 300 |
_axv, 91 p. : _bil. |
||
| 440 | 0 |
_aInterés general. _pPsicología |
|
| 650 | 0 |
_aRelación hombre-mujer _91566 |
|
| 650 | 4 |
_aRelaciones de pareja _96414 |
|
| 650 | 4 |
_aMatrimonio _95341 |
|
| 650 | 4 |
_aRelaciones interpersonales _91551 |
|
| 905 | _aLibro | ||
| 999 |
_c118950 _d118950 |
||